| 000 | 01383nam a2200301 a 4500 | ||
|---|---|---|---|
| 001 | BRCA_7262 | ||
| 005 | 20190320205755.0 | ||
| 008 | 270112s2011----cc-a######---#000-0#eng-# | ||
| 020 | _a9781883124328 | ||
| 041 | _aeng | ||
| 044 | _acc | ||
| 050 | 4 |
_aNE1321.8 _b.A78 2011 |
|
| 245 | 1 | 0 |
_aThe Artist´s touch, the Craftsman´s hand _bthree centuries of Japanese prints from the Portland Art Museum _cMaribeth Graybill, editor ; essays by John T. Carpenter ... [et al.]. |
| 260 |
_aChina _bPortland Art Museum _c2011 |
||
| 300 |
_a348 p. _bil. a color _c32 cm. |
||
| 500 | _aIncluye lista de obra en japonés, glosario y cronología de los períodos históricos japoneses | ||
| 500 | _aCatálogo de la exposición realizada en el Museo de Arte de Portland (Portland, Oregon), 1 octubre, 2011 - 22 enero, 2012 | ||
| 500 | _aEstado físico: encuadernado, enero 2013 | ||
| 504 | _aBibliografía: p. 345-348 | ||
| 610 | 2 | 4 |
_aPortland Art Museum _vCatálogos _zOregón (Estados Unidos) _92222 |
| 650 | 1 | 4 |
_aGrabados en color Japoneses _vExposiciones _yPeríodo Edo, 1600-1868 _917982 |
| 650 | 1 | 4 |
_aGrabados en color Japoneses _vExposiciones _yPeríodo Meiji, 1868-1912 _917983 |
| 650 | 1 | 4 |
_aUkiyo-e _vExposiciones _917984 |
| 650 | 1 | 4 |
_aGrabados en color _vExposiciones _zOregon _917985 |
| 700 | 1 |
_aGraybill, Maribeth _eed. _917986 |
|
| 700 | 1 |
_aCarpenter, John T. _917987 |
|
| 942 |
_2lcc _cB |
||
| 999 |
_c6942 _d6942 |
||